Statistiques concernant Pays les plus proches de l'Indonésie

Cliquez ici pour prendre le quiz!

Statistiques générales

  • Ce quiz a été pris 76 fois
  • Le résultat moyen est 18 sur 20

Statistiques - réponses

kmpays% Correct
0Malaisie
99%
301Thaïlande
97%
1561Chine
96%
179Inde
96%
1105Laos
96%
600Viêt Nam
96%
146Australie
95%
539Birmanie
95%
768Cambodge
95%
6Singapour
95%
0Timor-Leste
89%
40Brunei
88%
0Papouasie-
Nouvelle-Guinée
88%
168Philippines
85%
2033Taïwan
84%
1719Bangladesh
82%
1475Sri Lanka
80%
1701Salomon
69%
793Palaos
65%
1103Micronésie
62%

Distribution des résultats

Percentile par nombre de réponses

% des personnes avec chaque résultat

Votre développement - résultats

Vous n’avez pas pris ce quiz